书目信息 |
| 题名: |
趣味物理学
|
|
| 作者: | 别列里曼 , Перельман 著 ;符其珣 译 | |
| 分册: | ||
| 出版信息: | 北京 中国青年出版社 1963 |
|
| 页数: | 267页 | |
| 开本: | 18cm | |
| 丛书名: | 自然科学知识丛书 | |
| 单 册: | ||
| 中图分类: | O4-49 | |
| 科图分类: | ||
| 主题词: | 物理学--普及读物 | |
| 电子资源: | ||
| ISBN: | 13009.217 | |
| 000 | 00876cam2 2200301 450 | |
| 001 | 0105487464 | |
| 005 | 20070801105613.0 | |
| 010 | @a13009.217@dCNY0.75 | |
| 091 | @a13009.217@dCNY0.75 | |
| 100 | @a19961012d1963 em y0chiy0120 ea | |
| 101 | 1 | @achi@crus |
| 102 | @aCN@b110000 | |
| 105 | @ay z 000yy | |
| 106 | @ar | |
| 200 | 1 | @a趣味物理学@9Qu Wei Wu Li Xue @f(苏)别莱利曼(Я.И.Перельман)著@g符其珣译@b专著 |
| 205 | @a3版 | |
| 210 | @a北京@c中国青年出版社@d1963 | |
| 215 | @a267页@d18cm | |
| 225 | 2 | @a自然科学知识丛书 |
| 304 | @a别莱利曼通译:别列里曼 | |
| 410 | 0 | @12001 @a自然科学知识丛书 |
| 606 | 0 | @a物理学@x普及读物 |
| 690 | @aO4-49@v3 | |
| 701 | 1 | @a别列里曼@9bie lie li man@bЯ.И.@4著 |
| 701 | 1 | @aПерельман@bЯ.И.@4著 |
| 702 | 0 | @a符其珣@9fu qi xun@4译 |
| 801 | 0 | @aCN@bAiZhiMarc |
| 905 | @aBZT@dO4@e1147@f2@sO4/1147 | |
| 趣味物理学/(苏)别莱利曼(Я.И.Перельман)著/符其珣译.-3版.-北京:中国青年出版社,1963 |
| 267页;18cm.-(自然科学知识丛书) |
| ISBN 13009.217:CNY0.75 |
| ● |
| 相关链接 |
|
|
|
正题名:趣味物理学
索取号:O4/1147
 
预约/预借
| 序号 | 登录号 | 条形码 | 馆藏地/架位号 | 状态 | 备注 |
| 1 | 2000151073 | 2000151073 | 旧书回溯/ [索取号:O4/1147] | 在馆 | |
| 2 | 2000151255 | 2000151255 | 旧书回溯/ [索取号:O4/1147] | 在馆 |